Busses of NLZN, Philippines - Statistics

General Stats
  • This quiz has been taken 11 times
  • The average score is 5 of 11
Answer Stats
Route Company % Correct
Central Luzon, Northern Luzon Five Star/ Victory Liner
100%
Pampanga, Baguio, BataanCubao, Genesis Transport
71%
Manila, Baguio, Ilocos Region Partas Transport
71%
Ilocos Region Farinas
43%
Manila, Whole North Luzon GV FLORIDA Trans Inc
43%
Cavite, Pampanga, Manila Saulog Transit
43%
Baguio, NAIA, PITX Solid North
43%
Baguio, Loag, ViganTuguegarao, Sta.Ana GMW Transportation
29%
Ilocos Region P.I.T.C.O
29%
Cagayan/ Ilocos EMC LBS
14%
Baguio, Clark, Cubao, Pampanga JoyBus
14%
No matching quizzes found
Score Distribution
Percent of People with Each Score
Percentile by Number Answered
Your Score History
You have not taken this quiz